| 000 | 00000nas 2200000zi 4500 |
| 001 | 9.502577 |
| 003 | CaOODSP |
| 005 | 20230907083929 |
| 006 | m o d f |
| 007 | cr cn||||||||| |
| 008 | 150406d20002001oncar p os|||f0 b0fre|d |
| 022 | |a1497-066X |
| 040 | |aCaOODSP|bfre|erda|cCaOODSP |
| 043 | |an-cn--- |
| 086 | 1 |aC1-1F-PDF |
| 245 | 00|aLoi sur le financement des petites entreprises du Canada et Loi sur les prêts aux petites entreprises, rapport annuel. |
| 246 | 33|aLFPEC et LPPE rapport annuel |
| 264 | 1|a[Ottawa] : |bIndustrie Canada, |c[2000]-[2001] |
| 310 | |aAnnuel |
| 336 | |atexte|btxt|2rdacontent/fre |
| 337 | |ainformatique|bc|2rdamedia/fre |
| 338 | |aressource en ligne|bcr|2rdacarrier/fre |
| 362 | 0 |a1999/2000-2000/2001. |
| 500 | |aPublié aussi en anglais sous le titre : Canada Small Business Financing Act and Small Business Loans Act, annual report. |
| 500 | |aÉdition numérisée de l'imprimé [par Innovation, Sciences et Développement économique Canada]. |
| 610 | 16|aCanada. |bLoi sur le financement des petites entreprises du Canada |vPériodiques. |
| 610 | 16|aCanada. |bLoi sur les prêts aux petites entreprises |vPériodiques. |
| 650 | 6|aPrêts|zCanada|vPériodiques. |
| 650 | 6|aPetites et moyennes entreprises|zCanada|xFinances|vPériodiques. |
| 651 | 6|aCanada. |
| 655 | 7|aPériodiques|2rvmgf |
| 710 | 1 |aCanada. |bIndustrie Canada. |
| 775 | 08|tCanada Small Business Financing Act and Small Business Loans Act, annual report.|w(CaOODSP)9.506176 |
| 780 | 00|tLoi sur les prêts aux petites entreprises, rapport annuel.|w(CaOODSP)9.874538 |